000 00264nam a22001217a 4500
003 SGT
082 _a616.89
_bP15D
100 _aDEARER, ROBIN
245 _aPRECLINICAL ASPECTS OF ISCHEMIC STROKE
260 _aUSA
_bLAGE
_c2015
300 _a232
942 _2ddc
_cBK
999 _c14864
_d14864